| 000 | 00520nam a2200181Ia 4500 | ||
|---|---|---|---|
| 999 |
_c35062 _d35062 |
||
| 003 | OSt | ||
| 005 | 20201231152037.0 | ||
| 008 | 190216s9999||||xx |||||||||||||| ||und|| | ||
| 020 | _a9788182715622 | ||
| 040 | _coclc | ||
| 082 |
_a500 _bHUS/P |
||
| 100 |
_aHussain, N M _91915 |
||
| 245 | 0 |
_aParinamasidhantham Puthiya Prathisandhikal / _cN M Hussain |
|
| 260 |
_bPratheeksha Publications, _c2010. _aCalicut: |
||
| 300 | _a147p | ||
| 650 | _aPolitics | ||
| 942 |
_cBK _2ddc _h500 _iHUS/P _k500 _mHUS/P |
||